مكتبة جامعة عجلون الوطنية

فهرس بحث المكتبة

Normal view MARC view
  • المباني -- مواصفات معيارية -- الأردن -- الخرسان المسلح -- خزانات المياه

Entry Topical Term

Number of records used in: 1

001 - CONTROL NUMBER

  • control field: 51730

003 - CONTROL NUMBER IDENTIFIER

  • control field: JO-AjAnu

005 - DATE AND TIME OF LATEST TRANSACTION

  • control field: 20230606082516.0

008 - FIXED-LENGTH DATA ELEMENTS

  • fixed length control field: 230606|| aca||aabn | a|a d

040 ## - CATALOGING SOURCE

  • Original cataloging agency: JO-AjAnu
  • Transcribing agency: JO-AjAnu

150 ## - HEADING--TOPICAL TERM

  • Topical term or geographic name entry element: المباني -- مواصفات معيارية -- الأردن -- الخرسان المسلح -- خزانات المياه

670 ## - SOURCE DATA FOUND

  • Source citation: Work cat.: (JO-AjAnu)26441: إعداد محمد مصطفى الحلواني، مراجعة جمال قطيشات وآخرون, author 51729, مجلس البناء الوطني الأردني، وزارة الأشغال العامة والإسكان: كودة خزانات المياه الخرسانة (أحمال الزلازل والتأثيرات الدينامية الناتجة عنها)